000 00408nam a22001577a 4500
003 NUST
005 20230315102226.0
020 _a9781292261041
082 _a621.319
_bNIL
100 _aNilsson, James W.
_9110301
245 _aElectric Circuits /
_cJames W. Nilsson & Susan A. Riedel
250 _a11th Ed.
260 _aUK :
_bPearson,
_c2020.
300 _a815p. ;
_bHardbinding,
_c25cm.
942 _2ddc
_cBK
999 _c593739
_d593739